[Event "Bayern-chI Bank Hofmann 26th"]
[Site "Tegernsee"]
[Date "2023.11.05"]
[Round "9"]
[White "Neukirchner, Pascal"]
[Black "Willim, Michael"]
[Result "1-0"]
[WhiteElo "2265"]
[BlackElo "2138"]
[PlyCount "67"]
[EventDate "2023.10.28"]
[EventType "swiss"]
[EventRounds "9"]
[EventCountry "GER"]
[SourceTitle "Mega2024 Update 01"]
[Source "Chessbase"]
[SourceDate "2023.11.12"]
[SourceVersion "1"]
[SourceVersionDate "2023.11.12"]
[SourceQuality "1"]

1. Nf3 d5 2. g3 g6 3. Bg2 Bg7 4. d4 c6 5. 0-0 Nf6 6. c4 dxc4 7. a4 0-0 8. Na3 c5 9. Nxc4 Nc6 10. dxc5 Be6 11. Nfe5 Nxe5 12. Nxe5 Qc7 13. Nd3 Rad8 14. Bf4 Qc8 15. Rc1 Bd5 16. Qc2 Qe6 17. Bxd5 Rxd5 18. f3 Rfd8 19. Rfd1 Nh5 20. e4 Bd4+ 21. Kg2 R5d7 22. Bh6 Qf6 23. h4 Qc6 24. b4 Qc7 25. Bf4 Nxf4+ 26. Nxf4 Be3 27. Nd5 Rxd5 28. Rxd5 Bxc1 29. Qxc1 e6 30. Rxd8+ Qxd8 31. b5 Qd3 32. c6 bxc6 33. bxc6 Qe2+ 34. Kh3 1-0

[Event "Bavaria-ch 94th"]
[Site "Rosenheim"]
[Date "2023.08.24"]
[Round "6"]
[White "Schulz, Lukas"]
[Black "Willim, Michael"]
[Result "1-0"]
[WhiteElo "2347"]
[BlackElo "2119"]
[PlyCount "145"]
[EventDate "2023.08.20"]
[EventType "tourn"]
[EventRounds "9"]
[EventCountry "GER"]
[SourceTitle "CBM 215 Extra"]
[Source "ChessBase"]
[SourceDate "2023.09.30"]
[SourceVersion "1"]
[SourceVersionDate "2023.09.30"]
[SourceQuality "1"]

1. e4 c6 2. Nc3 d5 3. g3 dxe4 4. Nxe4 Bf5 5. d3 Nd7 6. Bg2 Ngf6 7. Qe2 e6 8. Nf3 Be7 9. 0-0 0-0 10. b3 Qa5 11. Bb2 Ba3 12. Bxa3 Qxa3 13. Nfd2 Bg4 14. f3 Bh5 15. Nc4 Qe7 16. Qf2 Bg6 17. a4 Nxe4 18. dxe4 e5 19. Rad1 Rfd8 20. Rd2 Nc5 21. Rfd1 Rxd2 22. Qxd2 f6 23. Qb4 b6 24. a5 Rd8 25. Rd2 b5 26. Rxd8+ Qxd8 27. Qxc5 bxc4 28. Qxc4+ Bf7 29. Qc3 g5 30. Kf2 Qd6 31. b4 h5 32. Bf1 Kg7 33. Be2 Be6 34. Ke3 g4 35. Qd2 Qe7 36. Kd3 Kg6 37. c3 gxf3 38. Bxf3 Bg4 39. Bg2 c5 40. Kc2 cxb4 41. cxb4 Qe6 42. Qd5 Qa6 43. Qd3 Qc6+ 44. Kb2 Qa4 45. Qc3 Be6 46. Kc1 Bg4 47. h3 Be6 48. Bf1 Qd7 49. h4 Bg4 50. Bd3 Qa4 51. Kb2 Bd7 52. Bc2 Qb5 53. Qc5 Qa6 54. Kc3 Bb5 55. Bb3 Be2 56. Bc4 Bxc4 57. Qxc4 Qd6 58. Qd5 Qc7+ 59. Qc5 Qb7 60. b5 Qxe4 61. b6 axb6 62. axb6 Kh6 63. Qb4 Qc6+ 64. Kb3 Qd5+ 65. Qc4 Qd7 66. Kb4 Kg6 67. Qc2+ Kh6 68. Qc7 Qd2+ 69. Kb5 e4 70. b7 Qd5+ 71. Kb6 Qe6+ 72. Kc5 Qf5+ 73. Kd6 1-0

[Event "Bavaria-ch 94th"]
[Site "Rosenheim"]
[Date "2023.08.22"]
[Round "3"]
[White "Goldbeck, Lars"]
[Black "Willim, Michael"]
[Result "1-0"]
[WhiteElo "2260"]
[BlackElo "2119"]
[PlyCount "111"]
[EventDate "2023.08.20"]
[EventType "tourn"]
[EventRounds "9"]
[EventCountry "GER"]
[SourceTitle "CBM 215 Extra"]
[Source "ChessBase"]
[SourceDate "2023.09.30"]
[SourceVersion "1"]
[SourceVersionDate "2023.09.30"]
[SourceQuality "1"]

1. d4 d5 2. c4 c6 3. Nf3 Nf6 4. e3 e6 5. Nbd2 Be7 6. b3 0-0 7. Bd3 Nbd7 8. Bb2 dxc4 9. Bxc4 c5 10. 0-0 b6 11. Qe2 Bb7 12. Rfd1 Rc8 13. Rac1 Rc7 14. e4 Qa8 15. Bd3 Rfc8 16. e5 Nd5 17. Qe4 Nf8 18. Qg4 cxd4 19. Rxc7 Rxc7 20. Nxd4 Nc3 21. Rc1 Qc8 22. a3 b5 23. h4 a6 24. Qg3 b4 25. Nc4 Ne4 26. Bxe4 Bxe4 27. axb4 Bxb4 28. Ra1 Qa8 29. Nd6 Bg6 30. Qe3 h5 31. Nc4 Nd7 32. Ne2 Bc5 33. Bd4 Qa7 34. Bxc5 Qxc5 35. Nd4 Nb8 36. Rd1 Kh7 37. Qf4 Nc6 38. Nf3 Qf8 39. Nd6 Rd7 40. Kh2 Ne7 41. Qc4 Qa8 42. Ra1 Ra7 43. Rc1 Rd7 44. Ng5+ Kg8 45. Nxe6 Bd3 46. Qxd3 fxe6 47. Ra1 a5 48. b4 a4 49. Qc4 Nd5 50. b5 a3 51. b6 Nxb6 52. Qxe6+ Kh7 53. Nf7 Qd5 54. Ng5+ Kh8 55. Qe8+ Qg8 56. Qxh5+ 1-0

[Event "BL2-Ost 2122"]
[Site "Germany"]
[Date "2022.07.02"]
[Round "9.8"]
[White "Poessel, Christian"]
[Black "Willim, Michael"]
[Result "0-1"]
[WhiteElo "1991"]
[BlackElo "2102"]
[PlyCount "34"]
[EventDate "2022.03.05"]
[EventType "team-tourn"]
[EventRounds "10"]
[EventCountry "GER"]
[SourceTitle "EXT 2023"]
[Source "ChessBase"]
[SourceDate "2022.10.05"]
[SourceVersion "1"]
[SourceVersionDate "2022.10.05"]
[SourceQuality "1"]
[WhiteTeam "Nickelhuette Aue"]
[BlackTeam "Erlangen"]
[WhiteTeamCountry "GER"]
[BlackTeamCountry "GER"]

1. d4 d5 2. c4 c6 3. Nf3 Nf6 4. e3 e6 5. Nbd2 Nbd7 6. Bd3 Bd6 7. 0-0 0-0 8. Qe2 Re8 9. e4 e5 10. cxd5 cxd5 11. dxe5 Nxe5 12. Bb5 Nxf3+ 13. Nxf3 Rxe4 14. Qd3 a6 15. Ng5 Rb4 16. Bd2 Rxb5 17. Bc3 d4 0-1

[Event "BL2-Ost 2122"]
[Site "Germany"]
[Date "2022.06.19"]
[Round "8.8"]
[White "Willim, Michael"]
[Black "Kuznecovs, Nikita"]
[Result "0-1"]
[WhiteElo "2102"]
[BlackElo "2279"]
[PlyCount "50"]
[EventDate "2022.03.05"]
[EventType "team-tourn"]
[EventRounds "10"]
[EventCountry "GER"]
[SourceTitle "EXT 2023"]
[Source "ChessBase"]
[SourceDate "2022.10.05"]
[SourceVersion "1"]
[SourceVersionDate "2022.10.05"]
[SourceQuality "1"]
[WhiteTeam "Erlangen"]
[BlackTeam "Deggendorf"]
[WhiteTeamCountry "GER"]
[BlackTeamCountry "GER"]

1. d4 Nf6 2. c4 e6 3. Nf3 c5 4. d5 b5 5. dxe6 fxe6 6. cxb5 d5 7. b3 Bd6 8. Bb2 Nbd7 9. Nbd2 Qe7 10. Qc2 Bb7 11. e3 0-0 12. Bd3 e5 13. e4 c4 14. bxc4 dxe4 15. Nxe4 Nxe4 16. Bxe4 Bxe4 17. Qxe4 Nf6 18. Qh4 e4 19. Nd4 Bb4+ 20. Ke2 Qf7 21. Rac1 Nh5 22. Ne6 Qxe6 23. Qxh5 Rad8 24. Rc2 Rf5 25. Qh3 Qd7 0-1

[Event "BL2-Ost 2122"]
[Site "Germany"]
[Date "2022.04.30"]
[Round "3.6"]
[White "Willim, Michael"]
[Black "Scheftlein, Richard"]
[Result "0-1"]
[WhiteElo "2097"]
[BlackElo "2243"]
[PlyCount "66"]
[EventDate "2022.03.05"]
[EventType "team-tourn"]
[EventRounds "10"]
[EventCountry "GER"]
[SourceTitle "EXT 2023"]
[Source "ChessBase"]
[SourceDate "2022.10.05"]
[SourceVersion "1"]
[SourceVersionDate "2022.10.05"]
[SourceQuality "1"]
[WhiteTeam "Erlangen"]
[BlackTeam "Erfurt"]
[WhiteTeamCountry "GER"]
[BlackTeamCountry "GER"]

1. d4 Nf6 2. c4 e6 3. Nf3 d5 4. Nc3 Bb4 5. cxd5 exd5 6. Bg5 h6 7. Bh4 0-0 8. e3 Bf5 9. Be2 Nbd7 10. Qb3 Bxc3+ 11. Qxc3 c5 12. dxc5 g5 13. Bg3 Ne4 14. Qa3 Ndxc5 15. Nd4 Bd7 16. Rc1 Qb6 17. b4 Na6 18. Bxa6 Qxa6 19. Qxa6 bxa6 20. Nb3 Rfc8 21. Nc5 a5 22. a3 axb4 23. axb4 a5 24. 0-0 Bb5 25. Rfd1 axb4 26. Nxe4 dxe4 27. Rb1 b3 28. h4 Bd3 29. Rb2 f6 30. f3 Bc2 31. Rd6 Ra2 32. Rxa2 bxa2 33. Ra6 Bb3 0-1

[Event "Bayern-ch 92th"]
[Site "Lichtenfels"]
[Date "2021.08.25"]
[Round "5"]
[White "Willim, Michael"]
[Black "Schatz, Christian"]
[Result "1/2-1/2"]
[WhiteElo "2076"]
[BlackElo "2186"]
[PlyCount "21"]
[EventDate "2021.08.22"]
[EventType "swiss"]
[EventRounds "9"]
[EventCountry "GER"]
[SourceTitle "EXT 2023"]
[Source "ChessBase"]
[SourceDate "2022.10.05"]
[SourceVersion "1"]
[SourceVersionDate "2022.10.05"]
[SourceQuality "1"]

1. d4 Nf6 2. c4 g6 3. Nc3 Bg7 4. e4 d6 5. Nf3 0-0 6. Be2 e5 7. Be3 Ng4 8. Bg5 f6 9. Bc1 Nh6 10. 0-0 Nc6 11. h3 1/2-1/2

[Event "Bayern-ch 92th"]
[Site "Lichtenfels"]
[Date "2021.08.24"]
[Round "4"]
[White "Willim, Michael"]
[Black "Boehme, Markus"]
[Result "1/2-1/2"]
[WhiteElo "2076"]
[BlackElo "2114"]
[PlyCount "73"]
[EventDate "2021.08.22"]
[EventType "swiss"]
[EventRounds "9"]
[EventCountry "GER"]
[SourceTitle "EXT 2023"]
[Source "ChessBase"]
[SourceDate "2022.10.05"]
[SourceVersion "1"]
[SourceVersionDate "2022.10.05"]
[SourceQuality "1"]

1. d4 Nf6 2. c4 g6 3. Nc3 Bg7 4. e4 d6 5. Nf3 0-0 6. Be2 e5 7. Be3 exd4 8. Nxd4 Re8 9. f3 c6 10. Bf2 d5 11. exd5 cxd5 12. 0-0 Nc6 13. c5 Bd7 14. Re1 Nxd4 15. Bxd4 a5 16. Qd2 Bc6 17. Rad1 Qd7 18. b3 Nh5 19. Bxg7 Nxg7 20. Nxd5 Bxd5 21. Qxd5 Qxd5 22. Rxd5 Re7 23. Kf2 Rae8 24. Rd2 Ne6 25. Rc1 Rc8 26. Rd6 Nxc5 27. Kf1 Rec7 28. Rb6 Rc6 29. Rxc6 Rxc6 30. Bb5 Rc7 31. a3 Kf8 32. b4 axb4 33. axb4 Ne6 34. Rxc7 Nxc7 35. Bc4 Ke7 36. Ke2 Na6 37. Bxa6 1/2-1/2

[Event "Bayern-ch 92th"]
[Site "Lichtenfels"]
[Date "2021.08.22"]
[Round "1"]
[White "Miller, Eduard"]
[Black "Willim, Michael"]
[Result "1/2-1/2"]
[WhiteElo "2380"]
[BlackElo "2076"]
[PlyCount "82"]
[EventDate "2021.08.22"]
[EventType "swiss"]
[EventRounds "9"]
[EventCountry "GER"]
[SourceTitle "EXT 2023"]
[Source "ChessBase"]
[SourceDate "2022.10.05"]
[SourceVersion "1"]
[SourceVersionDate "2022.10.05"]
[SourceQuality "1"]

1. e4 c5 2. Be2 Nc6 3. f4 g6 4. Nf3 Bg7 5. 0-0 e6 6. c3 Nge7 7. d4 cxd4 8. cxd4 Qb6 9. Kh1 d5 10. e5 h5 11. Nc3 a6 12. Bd3 Nf5 13. Bxf5 gxf5 14. Na4 Qd8 15. Bd2 Ne7 16. Qb3 b5 17. Nc5 Ng6 18. a4 bxa4 19. Qxa4+ Bd7 20. Nxd7 Qxd7 21. g3 h4 22. Kg2 hxg3 23. hxg3 Qxa4 24. Rxa4 0-0 25. Rfa1 Rfb8 26. Bc3 Rb6 27. Ne1 Ne7 28. Nd3 Nc6 29. Nc5 Nb8 30. Ra5 Bf8 31. R1a4 Ra7 32. b4 Rc7 33. Be1 Rcc6 34. Kf3 Kg7 35. g4 fxg4+ 36. Kxg4 Rc8 37. Bf2 Kg6 38. b5 Rxb5 39. Rxb5 axb5 40. Rb4 Nc6 41. Rxb5 Rb8 1/2-1/2

[Event "Oberliga Bayern 1920"]
[Site "Bayern"]
[Date "2020.09.20"]
[Round "9.5"]
[White "Willim, Michael"]
[Black "Kern, Johannes"]
[Result "1/2-1/2"]
[WhiteElo "2064"]
[BlackElo "2156"]
[PlyCount "124"]
[EventDate "2019.10.20"]
[EventType "team-tourn"]
[EventRounds "9"]
[EventCountry "GER"]
[SourceTitle "EXT 2022"]
[Source "ChessBase"]
[SourceDate "2021.10.06"]
[SourceVersion "1"]
[SourceVersionDate "2021.10.06"]
[SourceQuality "1"]
[WhiteTeam "Erlangen SC"]
[BlackTeam "Trostberg"]
[WhiteTeamCountry "GER"]
[BlackTeamCountry "GER"]

1. Nf3 d6 2. c4 e5 3. Nc3 Nf6 4. d4 Nbd7 5. g3 Be7 6. Bg2 0-0 7. 0-0 Re8 8. b3 c6 9. Bb2 Bf8 10. Qc2 a6 11. Rfd1 e4 12. Ng5 d5 13. cxd5 cxd5 14. f3 exf3 15. exf3 h6 16. Nh3 Bd6 17. Re1 Nf8 18. Rxe8 Qxe8 19. Qd2 Bf5 20. Re1 Qd7 21. Nf4 Rc8 22. Nd3 Ne6 23. Ne5 Qc7 24. f4 Bb4 25. Rc1 Ne4 26. Bxe4 Bxe4 27. a3 Nxd4 28. axb4 Nxb3 29. Nxd5 Qxc1+ 30. Bxc1 Rxc1+ 31. Qxc1 Nxc1 32. Nc3 Bc6 33. Kf2 f6 34. Nxc6 bxc6 35. Ke3 Nb3 36. Kd3 a5 37. bxa5 Nxa5 38. Kd4 Nb7 39. Ne4 Kf7 40. Nc5 Nd6 41. Na6 g5 42. Kc5 Ke6 43. Kxc6 Ne4 44. Nc7+ Kf5 45. Kd5 Nd2 46. fxg5 fxg5 47. Kd4 Nf3+ 48. Ke3 Nxh2 49. Kf2 Ng4+ 50. Kg2 Ke4 51. Nb5 Ne3+ 52. Kf2 Nf5 53. Nc3+ Ke5 54. Ne2 Nd4 55. Nc3 Kf5 56. Nd5 Kg4 57. Kg2 Kf5 58. Ne7+ Ke4 59. Ng8 Nf5 60. g4 Ne3+ 61. Kg3 Nxg4 62. Kxg4 Ke5 1/2-1/2

[Event "GER Cup Net V3 U2400"]
[Site "Playchess.com INT"]
[Date "2020.05.27"]
[Round "1"]
[White "Willim, Michael"]
[Black "Gutheil, Heinrich"]
[Result "1/2-1/2"]
[WhiteElo "1905"]
[BlackElo "2069"]
[PlyCount "56"]
[EventDate "2020.05.27"]
[EventType "swiss (blitz)"]
[EventRounds "9"]
[EventCountry "GER"]
[SourceTitle "EXT 2021"]
[Source "ChessBase"]
[SourceDate "2020.10.23"]
[SourceVersion "1"]
[SourceVersionDate "2020.10.23"]
[SourceQuality "1"]

1. c4 g6 2. Nc3 Bg7 3. g3 e5 4. Bg2 Ne7 5. d3 c6 6. e4 0-0 7. Nge2 d5 8. cxd5 cxd5 9. exd5 Bf5 10. 0-0 Nd7 11. d4 Nb6 12. dxe5 Bxe5 13. Bf4 Bxf4 14. Nxf4 Qd7 15. d6 Nc6 16. Ncd5 Nxd5 17. Qxd5 Rad8 18. Rad1 Rfe8 19. Qb5 Re5 20. Bxc6 Rxb5 21. Bxd7 Rxd7 22. b3 Rb6 23. Rfe1 Rbxd6 24. Rxd6 Rxd6 25. Re7 g5 26. Re5 gxf4 27. Rxf5 fxg3 28. hxg3 Rd2 1/2-1/2

[Event "GER Cup Net V3 U2400"]
[Site "Playchess.com INT"]
[Date "2020.05.27"]
[Round "6"]
[White "Willim, Michael"]
[Black "Muse, Mladen"]
[Result "0-1"]
[WhiteElo "1905"]
[BlackElo "2407"]
[PlyCount "88"]
[EventDate "2020.05.27"]
[EventType "swiss (blitz)"]
[EventRounds "9"]
[EventCountry "GER"]
[SourceTitle "EXT 2021"]
[Source "ChessBase"]
[SourceDate "2020.10.23"]
[SourceVersion "1"]
[SourceVersionDate "2020.10.23"]
[SourceQuality "1"]

1. c4 Nf6 2. Nc3 e6 3. e4 d5 4. e5 Ne4 5. Nf3 c5 6. d4 Nc6 7. Bd3 cxd4 8. Nxe4 dxe4 9. Bxe4 Bb4+ 10. Bd2 Bc5 11. 0-0 a5 12. Bg5 Qb6 13. a3 a4 14. Qd3 h6 15. Bf4 Qxb2 16. Rfd1 Qc3 17. Bxc6+ bxc6 18. Nxd4 Qxd3 19. Rxd3 Bxd4 20. Rxd4 c5 21. Rd6 Ba6 22. Rc6 Bxc4 23. Rxc5 Bd5 24. Rc7 0-0 25. f3 Rfc8 26. Rac1 Rxc7 27. Rxc7 Rb8 28. Ra7 Rb1+ 29. Kf2 Rb2+ 30. Kg3 g5 31. Be3 Bb3 32. Bc5 Kg7 33. Be7 Kg6 34. h4 Bc4 35. Rxa4 Bf1 36. f4 Rxg2+ 37. Kf3 g4+ 38. Ke3 Re2+ 39. Kd4 g3 40. Kc3 Kf5 41. Bc5 Bg2 42. Rb4 Be4 43. a4 Rc2+ 44. Kb3 Rxc5 0-1

[Event "GER-ch Net Amateur Gr-A Vor1"]
[Site "Playchess.com INT"]
[Date "2020.04.14"]
[Round "6"]
[White "Willim, Michael"]
[Black "Mohammadi Nia, Borna"]
[Result "0-1"]
[WhiteElo "1889"]
[BlackElo "2119"]
[PlyCount "38"]
[EventDate "2020.04.14"]
[EventType "swiss (blitz)"]
[EventRounds "9"]
[EventCountry "GER"]
[SourceTitle "EXT 2021"]
[Source "ChessBase"]
[SourceDate "2020.10.23"]
[SourceVersion "1"]
[SourceVersionDate "2020.10.23"]
[SourceQuality "1"]

1. c4 g6 2. Nc3 c5 3. g3 Bg7 4. Bg2 Nc6 5. a3 Rb8 6. Rb1 a5 7. e3 Nh6 8. Nge2 Nf5 9. 0-0 0-0 10. d3 b6 11. b3 Bb7 12. Bb2 d6 13. Qd2 e6 14. Ne4 Ne5 15. h3 d5 16. cxd5 exd5 17. N4c3 d4 18. exd4 Nxd4 19. Ne4 Nef3+ 0-1

[Event "GER-ch Net Amateur Gr-A Vor1"]
[Site "Playchess.com INT"]
[Date "2020.04.14"]
[Round "9"]
[White "Willim, Michael"]
[Black "Schwarz, Frank"]
[Result "1-0"]
[WhiteElo "1889"]
[BlackElo "2017"]
[PlyCount "49"]
[EventDate "2020.04.14"]
[EventType "swiss (blitz)"]
[EventRounds "9"]
[EventCountry "GER"]
[SourceTitle "EXT 2021"]
[Source "ChessBase"]
[SourceDate "2020.10.23"]
[SourceVersion "1"]
[SourceVersionDate "2020.10.23"]
[SourceQuality "1"]

1. c4 e5 2. Nc3 Nf6 3. Nf3 Nc6 4. d4 exd4 5. Nxd4 Bc5 6. Nxc6 bxc6 7. g3 h6 8. Bg2 0-0 9. 0-0 Rb8 10. b3 Qe7 11. Bb2 Re8 12. e3 Ba6 13. Re1 Bxc4 14. Na4 Bd5 15. Nxc5 Bxg2 16. Kxg2 Qxc5 17. Bxf6 gxf6 18. Qxd7 Rbd8 19. Qxc7 Rd2 20. Rad1 Qd5+ 21. e4 Rxe4 22. Rxd2 Rd4+ 23. Kg1 Rxd2 24. Qf4 Rd1 25. Qg4+ 1-0

[Event "GER-ch Net blitz qual4"]
[Site "Playchess.com INT"]
[Date "2020.03.23"]
[Round "3"]
[White "Willim, Michael"]
[Black "Susallek, Markus"]
[Result "1-0"]
[WhiteElo "2048"]
[BlackElo "1899"]
[PlyCount "35"]
[EventDate "2020.03.23"]
[EventType "swiss (blitz)"]
[EventRounds "9"]
[EventCountry "GER"]
[SourceTitle "CBM 195 Extra"]
[Source "ChessBase"]
[SourceDate "2020.05.31"]
[SourceVersion "1"]
[SourceVersionDate "2020.05.31"]
[SourceQuality "1"]

1. c4 e5 2. Nc3 Nf6 3. Nf3 Bb4 4. Nxe5 Bxc3 5. bxc3 0-0 6. g3 Re8 7. d4 c5 8. Bg2 d5 9. cxd5 Nxd5 10. Qb3 Nb6 11. Qxf7+ Kh8 12. Bg5 Be6 13. Bxd8 Bxf7 14. Nxf7+ Kg8 15. Bxb7 Kxf7 16. Bxb6 Nd7 17. Bxa8 Rxa8 18. Bxc5 1-0

[Event "GER-ch Net blitz qual2"]
[Site "Playchess.com INT"]
[Date "2020.03.16"]
[Round "2"]
[White "Koepke, Christian"]
[Black "Willim, Michael"]
[Result "1-0"]
[WhiteElo "2342"]
[BlackElo "2048"]
[PlyCount "61"]
[EventDate "2020.03.16"]
[EventType "swiss (blitz)"]
[EventRounds "9"]
[EventCountry "GER"]
[SourceTitle "CBM 195 Extra"]
[Source "ChessBase"]
[SourceDate "2020.05.31"]
[SourceVersion "1"]
[SourceVersionDate "2020.05.31"]
[SourceQuality "1"]

1. d4 Nf6 2. Nc3 e6 3. Bf4 d5 4. e3 a6 5. Nf3 c5 6. dxc5 Bxc5 7. Bd3 Nc6 8. 0-0 0-0 9. e4 dxe4 10. Nxe4 Nxe4 11. Bxe4 Qxd1 12. Rfxd1 Be7 13. Bd6 Bxd6 14. Rxd6 Ne7 15. Rad1 Nd5 16. Bxd5 exd5 17. R6xd5 Bg4 18. Kf1 Rac8 19. c3 h6 20. a3 Rc6 21. Rd6 Rc5 22. R1d5 Rxd5 23. Rxd5 Bxf3 24. gxf3 Rc8 25. Rd7 Rc5 26. Rxb7 Rh5 27. Ra7 Rxh2 28. Rxa6 Rh1+ 29. Kg2 Rb1 30. b4 Rb3 31. c4 1-0

[Event "Pardubice Czech op-A 30th"]
[Site "Pardubice"]
[Date "2019.07.21"]
[Round "3"]
[White "Pacan Milej, Kosma"]
[Black "Willim, Michael"]
[Result "1-0"]
[WhiteElo "2272"]
[BlackElo "2071"]
[PlyCount "133"]
[EventDate "2019.07.19"]
[EventType "swiss"]
[EventRounds "9"]
[EventCountry "CZE"]
[SourceTitle "CBM 191"]
[Source "ChessBase"]
[SourceDate "2019.08.31"]
[SourceVersion "1"]
[SourceVersionDate "2019.08.31"]
[SourceQuality "1"]

1. d4 Nf6 2. c4 e6 3. Nc3 Bb4 4. Qc2 0-0 5. a3 Bxc3+ 6. Qxc3 b6 7. Bg5 Ba6 8. Qf3 c6 9. e4 h6 10. Bh4 g5 11. e5 Ne8 12. Bg3 f5 13. exf6 Qxf6 14. Qxf6 Nxf6 15. Bd6 Rc8 16. Bd3 Ne8 17. Bg3 d5 18. Rc1 Nd7 19. Ne2 c5 20. 0-0 cxd4 21. Nxd4 Bxc4 22. Bxc4 Rxc4 23. Nxe6 Kf7 24. Rxc4 dxc4 25. Nd4 Rc8 26. f4 g4 27. Nf5 Ndf6 28. Re1 c3 29. bxc3 Rxc3 30. Re7+ Kf8 31. Rxa7 h5 32. Be1 Rc1 33. Kf2 Ne4+ 34. Ke2 Nc3+ 35. Kd2 Rd1+ 36. Kxc3 Rxe1 37. Kd4 Re2 38. Ne3 Rd2+ 39. Ke4 Re2 40. Kd3 Rf2 41. Ke4 Re2 42. f5 Nd6+ 43. Kf4 Nf7 44. Ra6 Rf2+ 45. Ke4 Rb2 46. f6 Nd6+ 47. Ke5 Ne8 48. Nd5 Rxg2 49. Ra7 Rxh2 50. Nf4 Nxf6 51. Kxf6 Ke8 52. Ke6 Kd8 53. Nd5 Re2+ 54. Kd6 Ke8 55. Nf6+ Kf8 56. Nxh5 Re3 57. Ra4 Kf7 58. Kc6 b5 59. Kxb5 Re5+ 60. Kc6 Rxh5 61. Rxg4 Rh3 62. a4 Ra3 63. Re4 Ra1 64. Kb6 Rb1+ 65. Ka6 Ra1 66. a5 Rb1 67. Re5 1-0

[Event "Oberliga Bayern 1819"]
[Site "Bayern"]
[Date "2019.03.24"]
[Round "8.7"]
[White "Willim, Michael"]
[Black "Werner, Claus"]
[Result "1/2-1/2"]
[WhiteElo "2120"]
[BlackElo "2191"]
[PlyCount "72"]
[EventDate "2018.10.21"]
[EventType "team-tourn"]
[EventRounds "9"]
[EventCountry "GER"]
[SourceTitle "EXT 2020"]
[Source "ChessBase"]
[SourceDate "2019.10.17"]
[SourceVersion "1"]
[SourceVersionDate "2019.10.17"]
[SourceQuality "1"]
[WhiteTeam "Erlangen SC"]
[BlackTeam "Regensburg Post/Sued"]
[WhiteTeamCountry "GER"]
[BlackTeamCountry "GER"]

1. c4 c5 2. g3 g6 3. Bg2 Bg7 4. Nc3 Nc6 5. a3 d6 6. Rb1 a5 7. d3 Rb8 8. e3 e5 9. Nge2 Nge7 10. 0-0 0-0 11. Nd5 b5 12. cxb5 Rxb5 13. Nec3 Rb8 14. Qa4 Bd7 15. Qc2 Nxd5 16. Nxd5 Ne7 17. Bd2 a4 18. Ba5 Qxa5 19. Nxe7+ Kh8 20. Nc6 Bxc6 21. Bxc6 Rb3 22. Qc4 Qb6 23. Bxa4 Rxb2 24. Rxb2 Qxb2 25. Qb3 Rb8 26. Qxf7 Qxa3 27. Qc7 Rf8 28. Bb5 d5 29. Qd6 Qb4 30. Bc6 d4 31. Bd5 Qd2 32. exd4 cxd4 33. Be4 Qg5 34. Rb1 Qd2 35. Rf1 Qg5 36. Rb1 Qd2 1/2-1/2

[Event "Oberliga Bayern 1819"]
[Site "Bayern"]
[Date "2019.02.24"]
[Round "7.7"]
[White "Reich, Thomas"]
[Black "Willim, Michael"]
[Result "1-0"]
[WhiteElo "2360"]
[BlackElo "2120"]
[PlyCount "91"]
[EventDate "2018.10.21"]
[EventType "team-tourn"]
[EventRounds "9"]
[EventCountry "GER"]
[SourceTitle "EXT 2020"]
[Source "ChessBase"]
[SourceDate "2019.10.17"]
[SourceVersion "1"]
[SourceVersionDate "2019.10.17"]
[SourceQuality "1"]
[WhiteTeam "Bayern Muenchen II"]
[BlackTeam "Erlangen SC"]
[WhiteTeamCountry "GER"]
[BlackTeamCountry "GER"]

1. d4 Nf6 2. c4 e6 3. Nf3 d5 4. Nc3 dxc4 5. e4 Bb4 6. Bxc4 Nxe4 7. 0-0 Nxc3 8. bxc3 Be7 9. Qc2 0-0 10. h4 Nd7 11. Ng5 Nf6 12. Rd1 b5 13. Bxb5 Bb7 14. Bd3 h6 15. Nf3 Qd5 16. Rb1 Rab8 17. Rb5 Qd6 18. Ne5 a6 19. Rc5 Qd8 20. Nc6 Bxc6 21. Rxc6 Nd5 22. g3 a5 23. Ra6 Ra8 24. Rxa8 Qxa8 25. Bh7+ Kh8 26. Be4 Qa7 27. a3 Nf6 28. Bf3 c5 29. Kg2 Rc8 30. Qb2 cxd4 31. Rxd4 Qc5 32. c4 e5 33. Rd1 e4 34. Be2 Qf5 35. Qb5 Rc5 36. Qb8+ Rc8 37. Qb5 Rc5 38. Qb7 Re5 39. Be3 Ng4 40. Bxg4 Qxg4 41. Qb8+ Bf8 42. Rd8 Rf5 43. Rxf8+ Kh7 44. Rh8+ Kg6 45. Qd6+ f6 46. Rd8 1-0

[Event "Oberliga Bayern 1819"]
[Site "Bayern"]
[Date "2019.01.20"]
[Round "5.7"]
[White "Schreiner, Richard"]
[Black "Willim, Michael"]
[Result "1/2-1/2"]
[WhiteElo "2132"]
[BlackElo "2120"]
[PlyCount "69"]
[EventDate "2018.10.21"]
[EventType "team-tourn"]
[EventRounds "9"]
[EventCountry "GER"]
[SourceTitle "EXT 2020"]
[Source "ChessBase"]
[SourceDate "2019.10.17"]
[SourceVersion "1"]
[SourceVersionDate "2019.10.17"]
[SourceQuality "1"]
[WhiteTeam "Garching II"]
[BlackTeam "Erlangen SC"]
[WhiteTeamCountry "GER"]
[BlackTeamCountry "GER"]

1. d4 Nf6 2. c4 e6 3. g3 d5 4. Bg2 Be7 5. Nf3 0-0 6. Nc3 dxc4 7. Ne5 Nc6 8. Nxc6 bxc6 9. Bxc6 Rb8 10. Bg2 c5 11. dxc5 Qxd1+ 12. Nxd1 Bxc5 13. Bd2 e5 14. Bc3 Bd4 15. Rc1 Be6 16. 0-0 Rfd8 17. Ba5 Rdc8 18. Bc3 Nd5 19. Rc2 Nxc3 20. bxc3 Bc5 21. Re1 Rd8 22. Kf1 a5 23. e3 Bf5 24. e4 Be6 25. Ne3 Bxe3 26. Rxe3 a4 27. Re1 a3 28. Rec1 Rb2 29. Ke1 Bd7 30. Rxb2 axb2 31. Rb1 Rb8 32. Bf1 Ba4 33. Kd2 Rd8+ 34. Ke3 Rb8 35. Kd2 1/2-1/2

[Event "Oberliga Bayern 1819"]
[Site "Bayern"]
[Date "2018.11.25"]
[Round "3.7"]
[White "Willim, Michael"]
[Black "Huber, Benedikt"]
[Result "1-0"]
[WhiteElo "2120"]
[BlackElo "2116"]
[PlyCount "69"]
[EventDate "2018.10.21"]
[EventType "team-tourn"]
[EventRounds "9"]
[EventCountry "GER"]
[SourceTitle "EXT 2020"]
[Source "ChessBase"]
[SourceDate "2019.10.17"]
[SourceVersion "1"]
[SourceVersionDate "2019.10.17"]
[SourceQuality "1"]
[WhiteTeam "Erlangen SC"]
[BlackTeam "Muenchen Suedost"]
[WhiteTeamCountry "GER"]
[BlackTeamCountry "GER"]

1. c4 e5 2. Nc3 Nf6 3. Nf3 Nc6 4. d4 exd4 5. Nxd4 Bc5 6. Nxc6 bxc6 7. g3 0-0 8. Bg2 Qe7 9. 0-0 h6 10. Qc2 Bb7 11. b3 Bd4 12. Bb2 Rab8 13. Nd5 cxd5 14. Bxd4 dxc4 15. Qxc4 Bxg2 16. Kxg2 Rb7 17. Rfd1 Qe6 18. Bxf6 Qxf6 19. Rac1 c6 20. Rd3 Qe6 21. Re3 Qxc4 22. Rxc4 Rc8 23. Re5 Kf8 24. Kf3 Rcc7 25. Rce4 Rc8 26. g4 d5 27. Ra4 Re8 28. Rxe8+ Kxe8 29. Ra6 Kd7 30. Kf4 Kd6 31. h4 Re7 32. e3 Re4+ 33. Kf3 Re7 34. b4 Rb7 35. a3 1-0